000 00517nam a22001937a 4500
999 _c34854
_d34854
003 OSt
005 20240511140454.0
008 240412b ||||| |||| 00| 0 eng d
020 _a978-84-8019-859-2
040 _aBMC
_cBMC
082 _a613.2
100 1 _948344
_aArasa Gil, Manuel‏
245 1 0 _aManual de nutrición deportiva
_cManuel Arasa Gil
250 _a1° ed. 10° reimp.
260 _aBarcelona
_bPaidotribo
_ccop. 2021
300 _a160 p.
_c28 cm
650 2 4 _92745
_aNutrición
942 _2ddc
_cBK